| 000 -LEADER |
| fixed length control field |
02272cam a22003737a 4500 |
| 001 - CONTROL NUMBER |
| control field |
16883623 |
| 003 - CONTROL NUMBER IDENTIFIER |
| control field |
OSt |
| 005 - DATE AND TIME OF LATEST TRANSACTION |
| control field |
20240215113928.0 |
| 008 - FIXED-LENGTH DATA ELEMENTS--GENERAL INFORMATION |
| fixed length control field |
110721s2011 sz ae 000 0 eng d |
| 010 ## - LIBRARY OF CONGRESS CONTROL NUMBER |
| LC control number |
2011414827 |
| 016 7# - NATIONAL BIBLIOGRAPHIC AGENCY CONTROL NUMBER |
| Record control number |
015763138 |
| Source |
Uk |
| 020 ## - INTERNATIONAL STANDARD BOOK NUMBER |
| International Standard Book Number |
9783034606882 |
| 020 ## - INTERNATIONAL STANDARD BOOK NUMBER |
| International Standard Book Number |
3034606885 |
| 035 ## - SYSTEM CONTROL NUMBER |
| System control number |
(OCoLC)ocn698332259 |
| 040 ## - CATALOGING SOURCE |
| Original cataloging agency |
BTCTA |
| Language of cataloging |
eng |
| Transcribing agency |
BTCTA |
| Modifying agency |
ERASA |
| -- |
YDXCP |
| -- |
UKMGB |
| -- |
Z5U |
| -- |
KSU |
| -- |
S3O |
| -- |
UPM |
| -- |
EYM |
| -- |
DEBBG |
| -- |
OHX |
| -- |
ZCU |
| -- |
OMB |
| -- |
DLC |
| 042 ## - AUTHENTICATION CODE |
| Authentication code |
lccopycat |
| 043 ## - GEOGRAPHIC AREA CODE |
| Geographic area code |
e-sw--- |
| 050 00 - LIBRARY OF CONGRESS CALL NUMBER |
| Classification number |
NA1293.T446 |
| Item number |
A4 2011 |
| 082 04 - DEWEY DECIMAL CLASSIFICATION NUMBER |
| Classification number |
720.9224873 |
| Edition number |
22 |
| Author Mark |
OUT |
| 084 ## - OTHER CLASSIFICATION NUMBER |
| Classification number |
ARC 025 Tham B |
| Number source |
stub |
| 245 00 - TITLE STATEMENT |
| Title |
Out of the real : |
| Remainder of title |
Tham & Videgård Arkitekter / |
| Statement of responsibility, etc. |
edited and with an essay by Johan Linton ; photographs by Åke E:son Lindman. |
| 246 30 - VARYING FORM OF TITLE |
| Title proper/short title |
Tham & Videgård Arkitekter |
| 260 ## - PUBLICATION, DISTRIBUTION, ETC. |
| Place of publication, distribution, etc. |
Basel, Switzerland : |
| Name of publisher, distributor, etc. |
Birkhauser, |
| Date of publication, distribution, etc. |
c2011. |
| 300 ## - PHYSICAL DESCRIPTION |
| Extent |
207 p. : |
| Other physical details |
ill. (some col.), plans ; |
| Dimensions |
35 cm. |
| 505 0# - FORMATTED CONTENTS NOTE |
| Formatted contents note |
Introduction : Out of the real: the making of architecture -- Works : Archipelago House ; Tellus Nursery School ; Kalmar Museum of Art ; Atrium House ; Söderöra ; Moderna Museet Malmö ; Garden House ; Humlegården Apartment ; Tree Hotel ; Double Houses ; Ordos 100 ; Vertical Village ; Karlsson House ; Circuit House Naturum Laponia ; Brick House ; Electron Microscope ; House K ; Botanic Garden House ; Åhlén Department Store ; Stockholm Concert Hall ; Simrishamn Apartments ; Vållingby Parkstad ; Double House ; Cloud Chamber ; Våstra Kajen ; Bergman Center ; School of Architecture KTH -- Epilogue : Architecture and the reality of learning: an ongoing project. |
| 520 8# - SUMMARY, ETC. |
| Summary, etc. |
In their designs, Tham and Videgård take as their starting points the Nordic tradition - closeness to nature and economy of means - as well as the concrete parameters of the project on which they are working - the result, however, is buildings with surprising and fascinating forms. |
| 610 20 - SUBJECT ADDED ENTRY--CORPORATE NAME |
| Corporate name or jurisdiction name as entry element |
Tham & Videgård Arkitekter. |
| 9 (RLIN) |
120514 |
| 650 #0 - SUBJECT ADDED ENTRY--TOPICAL TERM |
| Topical term or geographic name entry element |
Architecture |
| Geographic subdivision |
Sweden |
| Chronological subdivision |
21st century. |
| 9 (RLIN) |
120515 |
| 700 1# - ADDED ENTRY--PERSONAL NAME |
| Personal name |
Linton, Johan, |
| Dates associated with a name |
1966- |
| 9 (RLIN) |
120516 |
| 700 1# - ADDED ENTRY--PERSONAL NAME |
| Personal name |
Lindman, Åke E:son. |
| 9 (RLIN) |
120517 |
| 906 ## - LOCAL DATA ELEMENT F, LDF (RLIN) |
| a |
7 |
| b |
cbc |
| c |
copycat |
| d |
2 |
| e |
ncip |
| f |
20 |
| g |
y-gencatlg |
| 942 ## - ADDED ENTRY ELEMENTS (KOHA) |
| Source of classification or shelving scheme |
|
| Koha item type |
Book |
| Institution code [OBSOLETE] |
SADA |
| Call number prefix |
720.9224873 OUT 2011 |